00401nam a2200157Ia 4500001000500000005001700005008004100022041000800063082001600071100002700087245007600114260000900190300002800199650000800227654000800235161520260306143741.0260306t2017||||xx |||||||||||||| ||spa|| aESP a153.44bG52 aGladwell, MalcolmeAUT 0aInteligencia intuitiva:b¿por qué sabemos la verdad en dos segundos? c2017 a293 páginas :c21 cm. aGEN aCPS